WorldofTShirts - Statistics

General Stats
  • This quiz has been taken 41 times
  • The average score is 7 of 15
Answer Stats
Hint Answer % Correct
What city does Josh spend most of his time in? New York City
100%
Which borough of the above does Josh claim to be from? The Bronx
94%
How many countries has Josh been to? 9
83%
Which of Josh's handlers runs YouTube livestreams and ran an escort agency? Mr. Based
72%
Which MLB team is Josh's favorite? New York Mets
64%
What has Josh licked the floor of? NYC Subway Train
64%
Which song did Josh sing in Times Square? Empire State of Mind
61%
What is his drink of choice? Twisted Tea
56%
Which song did Josh record in Nashville? 1700 Somewhere
36%
Who owns Feltmans? Michael Quinn
31%
Where did Josh spend his childhood? Virginia Beach
25%
What is the name of Josh's first song? Coffee & Boba
19%
Commuters on which train hate Josh? Long Island Rail Road
19%
Where does Josh's grandfather live on Long Island? Medford
6%
What was the name of that escort agency? NY Confidential
6%
No matching quizzes found
Score Distribution
Percent of People with Each Score
Percentile by Number Answered
Your Score History
You have not taken this quiz